Contextualising rights: concerns and challenges (Record no. 524441)

000 -LEADER
fixed length control field 00729nam a22001457a 4500
008 - FIXED-LENGTH DATA ELEMENTS--GENERAL INFORMATION
fixed length control field 231117b ||||| |||| 00| 0 eng d
100 ## - MAIN ENTRY--PERSONAL NAME
Personal name Sivakuamr, S. and Mishra, Anumeba
245 ## - TITLE STATEMENT
Title Contextualising rights: concerns and challenges
260 ## - PUBLICATION, DISTRIBUTION, ETC. (IMPRINT)
Place of publication, distribution, etc Journal of the Indian Law Institute
300 ## - PHYSICAL DESCRIPTION
Extent 64(4), Oct-Dec, 2022: p.413-428
520 ## - SUMMARY, ETC.
Summary, etc Concept of right is an internal part of our legal understanding. This paper discuses the approach of a positions legal framework towards the concept of rights. It attempts to demonstrate the rationale and process of exacting legal rights in a positivist system. – Reproduced
773 ## - HOST ITEM ENTRY
Main entry heading Journal of the Indian Law Institute
906 ## - LOCAL DATA ELEMENT F, LDF (RLIN)
Subject DIP RIGHTS
942 ## - ADDED ENTRY ELEMENTS (KOHA)
Item type Articles
Holdings
Withdrawn status Lost status Source of classification or shelving scheme Damaged status Not for loan Permanent location Current location Date acquired Serial Enumeration / chronology Barcode Date last seen Koha item type
          Indian Institute of Public Administration Indian Institute of Public Administration 2023-11-17 64(4), Oct-Dec, 2022: p.413-428 AR130321 2023-11-17 Articles

Powered by Koha